Penyiasatan industri pembinaan tahunan : Annual survey of construction industries

Bibliographic Details
Corporate Author: Malaysia. Jabatan Perangkaan
Format: Book
Language:Malay
Published: Kuala Lumpur : Jabatan Perangkaan Malaysia 2000
Subjects:

MARC

LEADER 00000cam a2200000 7i4500
001 0000014963
005 20241029.0
008 050109 my a may
020 |a 01289721 
040 |a INS   |b eng   |e rda 
090 0 0 |a HD9715.M4   |b .P46 2000 
245 0 0 |a Penyiasatan industri pembinaan tahunan :   |b Annual survey of construction industries   |c Jabatan Perangkaan Malaysia 
264 1 |a Kuala Lumpur :   |b Jabatan Perangkaan Malaysia   |c 2000 
300 |a xii, 41 pages :   |b illustrations ;   |c 29 cm. 
336 |a text  |2 rdacontent 
337 |a unmediated  |2 rdamedia 
338 |a volume  |2 rdacarrier 
500 |a Di kepala judul Malaysia 1999 
650 0 |a Construction industry   |z Malaysia   |x Statistics   |x Periodicals 
710 2 |a Malaysia. Jabatan Perangkaan 
999 |a 0000014771   |b BOOK   |c Open Shelf   |e Default branch